Rudolf Jašík seminár o živote a diele

Bibliographic Details
Other Authors: Hladík, Ján, 1959- (Bookjacket designer), Mináč, Vladimír, 1922-1996 (Author of introduction, etc.), Petrík, Vladimír, 1929-2017, Rakús, Stanislav, 1940-, Charous, Emil, 1928-2017, Noge, Július, 1931-1993, Mistrík, Jozef, 1921-2000, Findra, Ján, 1934-2019, Rosenbaum, Karol, 1920-2001, Plintovič, Ivan, 1923-1997, Kusý, Ivan, 1921-2000, Šmatlák, Stanislav, 1925-2008, Belan, Rudolf, 1937-2022 (Author of afterword, colophon, etc.)
Format: Book
Language:Slovak
Czech
PhysicalDescription:69 s. 21 cm
Published: Bratislava Smena 1979
Edition:1. vyd.
Series:Aktuality
Subjects:

MARC

LEADER 00000cam a2200000 a 4500
001 vtls001108638
003 SK-MaSNL
005 20260302031032.0
008 240226s1979 xo f 100 0bslo
015 |a SNBA1980 
020 |q (brož.) 
035 |a SNK000051480 
035 |a 3F312CEA-1B4F-4D18-A3A6-E1E9001A912D 
035 |a urn:nbn:sk:snk-am00iels 
040 |a SNK  |b slo  |c SNK  |e AACR2 
041 0 |a slo  |a cze 
044 |a xo  |c SK 
080 |a 82(091):885.4"19"  |2 1981 
080 |a 92 Jašík, Rudolf  |2 1981 
245 0 0 |a Rudolf Jašík  |b seminár o živote a diele  |c zodpovedná redaktorka Viera Miháliková 
250 |a 1. vyd. 
260 |a Bratislava  |b Smena  |c 1979  |e Trnava  |f Polygrafické závody 
300 |a 69 s.  |c 21 cm 
366 |e 2000 výtl. 
490 1 |a Aktuality 
500 |a Výber príspevkov, ktoré odzneli na seminári o živote a diele Rudolfa Jašíka 30.3.1979 na Jankovom vŕšku 
546 |a Text aj česky 
600 1 7 |a Jašík, Rudolf,  |d 1919-1960  |2 SNKMA  |9 108040 
650 0 7 |a slovenskí spisovatelia  |2 SNKPH  |9 1258 
651 7 |a zborníky konferencií  |2 SNKPH  |9 549699 
700 1 |a Hladík, Ján,  |d 1959-  |4 bjd  |9 245578 
700 1 |a Miháliková, Viera  |4 lso  |9 302114 
700 1 |a Mináč, Vladimír,  |d 1922-1996  |4 aui  |9 103107 
700 1 2 |a Petrík, Vladimír,  |d 1929-2017  |t Rudolf Jašík  |9 678303 
700 1 2 |a Rakús, Stanislav,  |d 1940-  |t Dve poznámky k problematike Jašíkovho prozaického diela  |9 678304 
700 1 2 |a Charous, Emil,  |d 1928-2017  |t O zdomácňování díla Rudolfa Jašíka v Čechách  |9 678305 
700 1 2 |a Noge, Július,  |d 1931-1993  |t Jašíkovo úsilie o polemickú syntézu  |9 678306 
700 1 2 |a Mistrík, Jozef,  |d 1921-2000  |t Poznámka o Jašíkovej rétorike  |9 678307 
700 1 |a Findra, Ján,  |d 1934-2019  |t O princípe Jašíkovej umeleckej koncepcie skutočnosti  |9 678308 
700 1 2 |a Rosenbaum, Karol,  |d 1920-2001  |t Román Rudolfa Jašíka Námestie svätej Alžbety  |9 678309 
700 1 2 |a Plintovič, Ivan,  |d 1923-1997  |t Mocnejšia ako smrť  |9 678310 
700 1 2 |a Kusý, Ivan,  |d 1921-2000  |t Ideologické obrysy románu Mŕtvi nespievajú  |9 678311 
700 1 2 |a Šmatlák, Stanislav,  |d 1925-2008  |t Básnický čas Rudolfa Jašíka  |9 678312 
700 1 |a Belan, Rudolf,  |d 1937-2022  |4 aft  |9 251739 
830 0 |a Aktuality  |9 275567 
852 |a Slovenská národná knižnica 
954 |a odborná, vedecká literatúra pôvodná (slovenská)  |2 lita 
958 |a LX 
958 |a TL 
958 |a OND 
958 |a EUIPO 
999 |c 1050413  |d 1052343 
952 |a SNK  |b SNK  |y VYP  |7 0  |p 17A0059311  |o snkSC 48236 D1  |i snkKSP 1558/80  |3 Popísaná  |0 0  |1 0  |4 0  |d 1997-04-07  |l 0  |r 2004-12-31 00:00:00  |w 2026-02-24 
952 |a SNK  |b SNK  |y PREZ  |7 0  |p 17A0830826  |o snkSC 48236  |i snkKSP 1557/80  |0 0  |1 0  |4 0  |d 2012-08-01  |f 1  |l 0  |r 2025-10-29 00:00:00  |w 2026-02-24